000 00829nam a2200229Ii 4500
003 JO-AjNU
008 230605s9999||||xx |||||||||||||| ||und||
020 _a9953-431-90-6
040 _aJO-AjNU
_bara
_erda
_cJO-AjNU
041 _aara
050 1 4 _aP90.I95 2003
100 3 _aعزي,عبد الرحمن تأليف,
_eauthor
_99305
245 0 0 _aدراسات في نظرية الاتصال نحو فكر إعلامي متميز
250 _aط1
264 3 1 _aبيروت:مركز دراسات الوحدة العربية,2003
300 _a151ص
336 _atext
_btxt
_2rdacontent
337 _aunmediated
_bn
_2rdamedia
338 _avolume
_bnc
_2rdacarrier
490 0 _aسلسلة كتب المستقبل العربي (28)
650 4 _aالاعلام-تكنولوجيا الاتصال-وسائل الاتصال
_99306
999 _aA1231
_c4799
_d4799